000 00389nam a2200169Ia 4500
001 21060
003 IN-NITTTR
005 20251114233240.0
008 251113s9999||||xx |||||||||||||| ||eng||
040 _beng
040 _cIN-NITTTR
041 _aeng
082 _a027.7 S19A
100 _aSahai, Shri Nath
245 0 _aAcademic library system. /
_cSahai, Shri Nath
942 _2ddc
_cBK
999 _c23690
_d23690